<?xml version="1.0" encoding="UTF-8"?>
<collection xmlns="http://www.loc.gov/MARC21/slim">
 <record>
  <leader>00994naa a2200205 i 4500</leader>
  <controlfield tag="001">publ24377</controlfield>
  <controlfield tag="005">20220519122815.0</controlfield>
  <controlfield tag="008">220519s2021    hu      o     0||   Magyar d</controlfield>
  <datafield tag="024" ind1="7" ind2=" ">
   <subfield code="a">32535633</subfield>
   <subfield code="2">mtmt</subfield>
  </datafield>
  <datafield tag="040" ind1=" " ind2=" ">
   <subfield code="a">SZTE Publicatio Repozitórium</subfield>
   <subfield code="b">hun</subfield>
  </datafield>
  <datafield tag="041" ind1=" " ind2=" ">
   <subfield code="a">Magyar</subfield>
  </datafield>
  <datafield tag="100" ind1="1" ind2=" ">
   <subfield code="a">Biró Fanni</subfield>
  </datafield>
  <datafield tag="245" ind1="1" ind2="0">
   <subfield code="a">Első és második osztályos kínai és magyar matematika tankönyvek összehasonlító elemzése a vizuális reprezentációk szempontjából</subfield>
   <subfield code="h">[elektronikus dokumentum] /</subfield>
   <subfield code="c"> Biró Fanni</subfield>
  </datafield>
  <datafield tag="260" ind1=" " ind2=" ">
   <subfield code="a">Magyar Tudományos Akadémia Pedagógiai Tudományos Bizottság; Debreceni Egyetem BTK Nevelés- és Művelődéstudományi Intézete</subfield>
   <subfield code="b">Debrecen</subfield>
   <subfield code="c">2021</subfield>
  </datafield>
  <datafield tag="300" ind1=" " ind2=" ">
   <subfield code="a">18</subfield>
  </datafield>
  <datafield tag="300" ind1=" " ind2=" ">
   <subfield code="a">246-263</subfield>
  </datafield>
  <datafield tag="490" ind1="0" ind2=" ">
   <subfield code="a">Új kutatások a neveléstudományokban 2020.</subfield>
  </datafield>
  <datafield tag="650" ind1=" " ind2="4">
   <subfield code="a">Általános oktatás (benne képzés, pedagógia, didaktika)</subfield>
  </datafield>
  <datafield tag="700" ind1="0" ind2="1">
   <subfield code="a">Csíkos Csaba</subfield>
   <subfield code="e">aut</subfield>
  </datafield>
  <datafield tag="856" ind1="4" ind2="0">
   <subfield code="u">http://publicatio.bibl.u-szeged.hu/24377/3/Uj_kutatasok_a_nevelestudomanyban_2020_02_b%C3%ADr%C3%B3.pdf</subfield>
   <subfield code="z">Dokumentum-elérés </subfield>
  </datafield>
 </record>
</collection>
